<?xml version="1.0" encoding="UTF-8"?>
<collection xmlns="http://www.loc.gov/MARC21/slim">
 <record>
  <leader>00543nam a22001335a 4500</leader>
  <controlfield tag="001">EHU.bham006764</controlfield>
  <controlfield tag="008">130507s1967##################000#0#####d</controlfield>
  <controlfield tag="005">20230518120754.0</controlfield>
  <datafield tag="245" ind1="0" ind2="0">
   <subfield code="a">Antología de novelas de anticipación :</subfield>
   <subfield code="b">(ciencia-ficción). Octava selección /</subfield>
   <subfield code="c">seleccionado por Ana Perales Herrero. André Hardellet ... [et al.].</subfield>
  </datafield>
  <datafield tag="260" ind1=" " ind2=" ">
   <subfield code="a">Barcelona :</subfield>
   <subfield code="b">Acervo,</subfield>
   <subfield code="c">1967</subfield>
  </datafield>
  <datafield tag="082" ind1="8" ind2="0">
   <subfield code="a">803.08 An88 VIII</subfield>
  </datafield>
  <datafield tag="653" ind1=" " ind2=" ">
   <subfield code="a">Ciencia ficción</subfield>
  </datafield>
  <datafield tag="653" ind1=" " ind2=" ">
   <subfield code="a">Literatura fantástica</subfield>
  </datafield>
  <datafield tag="859" ind1=" " ind2=" ">
   <subfield code="a">AR-BHAM</subfield>
   <subfield code="b">BIB. HUMANIDADES - General</subfield>
   <subfield code="h">803.08</subfield>
   <subfield code="i">An88</subfield>
   <subfield code="p">606.72</subfield>
   <subfield code="t">Ej.1</subfield>
   <subfield code="v">VIII</subfield>
   <subfield code="3">VIII</subfield>
  </datafield>
 </record>
</collection>
